000 00931cam a2200313 4500
001 200468118
003 TR-AnTOB
005 20260416134924.0
007 ta
008 030307s2005 tu 000 f tur d
020 _a975210293x
035 _a(TR-AnTOB)200468118
040 _aTR-AnTOB
_beng
_erda
_cTR-AnTOB
041 0 _atur
_heng
050 0 _aPS3569.T33828
090 _aPS3569.T33828
_bG8619 2005
100 1 _aSteel, Danielle
_984534
_eauthor
240 _aSunset in St. Tropez
245 1 0 _aGünbatımı /
_cDanielle Steel ; çeviren Nazan Tuncer.
264 1 _aİstanbul :
_bAltın kitaplar yaynevi,
_c2005.
300 _a189 pages ;
_c21 cm
336 _atext
_btxt
_2rdacontent
337 _aunmediated
_bn
_2rdamedia
338 _avolume
_bnc
_2rdacarrier
650 0 _aAmerikan edebiyatı
_2etuturkob
_977588
700 1 _aTuncer, Nazan
_9153706
_etranslator
942 _2lcc
_cBK
999 _c200468118
_d86330